Word Ladder: Assignment Avoidance Quiz Stats

 Plays Quiz Updated Sep 18, 2019

Score 0/14 Timer 02:30
3 Plays Today
Hint Five Letter Word % Correct
Attacked by a beeSTUNG
97.2%
_____ Norris, American martial artist and actorCHUCK
95.8%
• Devote time to gaining knowledge •• STUDY •
94%
Examine, inspectCHECK
92%
Lower side of the faceCHEEK
91.6%
Male horses kept for breedingSTUDS
91.3%
Shocks, dazesSTUNS
91.3%
Hint Five Letter Word % Correct
Stream or brookCREEK
90.4%
A thick piece of somethingCHUNK
89.7%
• A pause in work or activity, rest •• BREAK •
87.7%
Harsh squeaking soundCREAK
85.5%
A thump or dull blow soundCLUNK
70.6%
Suspended by strapsSLUNG
70.5%
Held on tightlyCLUNG
69.9%

Today's Daily Dose

Missing Word
Video Games (A-Z)

Get the Picture
Tom Hanks

You're not logged in!

Compare scores with friends on all Sporcle quizzes.
OR
Log In

Sporcle TV

Today on Sporcle TV


Watch our educational content, quiz creation guides, and fun videos on Sporcle TV.

Show Comments

Extras

Top Quizzes Today


Score Distribution

Your Account Isn't Verified!

In order to create a playlist on Sporcle, you need to verify the email address you used during registration. Go to your Sporcle Settings to finish the process.

Report this User

Report this user for behavior that violates our Community Guidelines.

Details: